| 000 | 00429cam a2200181ua 4500 | ||
|---|---|---|---|
| 020 | _c5.50 | ||
| 041 |
_ahin _h |
||
| 082 |
_a891.43 _bHUM/SW |
||
| 100 | _aHumayun, KBIR . | ||
| 245 |
_aSwatantra Barat mem shiksha / _cHumayun Kabir. _hTextual Documents |
||
| 250 |
_a4 / _b. |
||
| 260 |
_a : _bRajpal and Sanch , _c1962. |
||
| 300 | _a280 ; . | ||
| 365 | _a5.50 | ||
| 504 | _a | ||
| 942 | _cBK | ||
| 999 |
_c3014 _d3014 |
||